Introduction to project management / (Record no. 2744)
[ view plain ]
| 000 -LEADER | |
|---|---|
| fixed length control field | 00943cam a22001934a 4500 |
| 020 ## - INTERNATIONAL STANDARD BOOK NUMBER | |
| ISBN | 9781423902201 |
| 020 ## - INTERNATIONAL STANDARD BOOK NUMBER | |
| ISBN | 1423902203 |
| 050 00 - CALL NUMBER | |
| Classification number | HD69.P75 |
| Item number | S392 2009 |
| 100 1# - AUTHOR | |
| Personal name | Schwalbe, Kathy. |
| 245 10 - TITLE | |
| Title | Introduction to project management / |
| Statement of responsibility, etc | Kathy Schwalbe. |
| 250 ## - EDITION | |
| Edition statement | 2nd ed. |
| 260 ## - PUBLICATION INFORMATION | |
| Place of publication | Boston, Mass. : |
| Name of publisher | Course Technology, |
| Year of publication | c2009. |
| 300 ## - DESCRIPTION | |
| Number of Pages | xviii, 454 p. : |
| Other physical details | ill. ; |
| Dimensions | 24 cm. + |
| Accompanying material | 1 CD-ROM (4 3/4 in.) |
| 500 ## - NOTES | |
| General note | Accompanied by 2 CD-ROMs called: Project management simulation software, and: Project professional 2003. |
| 505 ## - FORMATTED CONTENTS NOTE | |
| Table of Content | An introduction to project, program, and portfolio management --<br/>Project, program and portfolio selection --<br/>Initiating projects --<br/>Planning projects, Part 1 --<br/>Planning projects Part 2 --<br/>Executing projects --<br/>monitoring and controlling projects --<br/>Closing projects and best practices. |
| 650 #0 - SUBJECTS | |
| Topical Term | Project management. |
| 650 #0 - SUBJECTS | |
| Topical Term | Information technology |
| General subdivision | Management. |
| 942 ## - ADDED ENTRY ELEMENTS (KOHA) | |
| Koha item type | Books |
| Withdrawn status | Lost status | Collection code | Home library | Current library | Shelving location | Date acquired | Full call number | Accession Number | Koha item type |
|---|---|---|---|---|---|---|---|---|---|
| Reference | Methodist University Library Main | Methodist University Library Main | General Stacks | 21/07/2014 | HD69.Sc9 SCH | 39902 | Books |